00508nam a2200181u 450000100060000000300080000600500170001400800390003103500190007004000280008904100080011708200270012524500420015226000600019430000250025465000280027970000190030720652BD-RjUL20211209000607.0140301r19531939enk 000 1 eng a(BD-RjUL)20714 aDLCcCarPdBD-RjULbeng aeng04222a823.9208bMOD 195310aModern short stories /cJohn Hadfield aLondon :bJ. M. Dent & sons ltd.,c1939 [reprint 1953]. axi, 336 p. ;c19 cm. 0aShort stories, English.1 aHadfield, John